[Event "Open Nord 2014/2015"]
[Site "Meyreuil"]
[Date "2014.11.28"]
[Round "3.2"]
[White "Graells, Christian"]
[Black "Montanelli, Tristan"]
[Result "0-1"]
[WhiteElo "1482"]
[BlackElo "1733"]
[PlyCount "78"]

1. e4 c5 2. Nf3 Nc6 3. c3 g6 4. d4 cxd4 5. cxd4 Bg7 6. Be3 Nf6 7. Bd3 Nb4 8.
O-O O-O 9. Nc3 Nxd3 10. Qxd3 d6 11. h3 h6 12. Rac1 a6 13. Qd2 Kh7 14. Nh2 b5
15. f4 b4 16. Ne2 Nxe4 17. Qxb4 Be6 18. b3 Rb8 19. Qe1 a5 20. Ng3 Nxg3 21. Qxg3
f5 22. Nf3 Bf6 23. h4 Rg8 24. Kf2 Bd5 25. Rh1 Bxf3 26. gxf3 h5 27. d5 a4 28.
Rb1 axb3 29. axb3 Qa5 30. Rhc1 Qa2+ 31. Kf1 Rxb3 32. Qe1 Rxb1 33. Rxb1 Qxd5 34.
Kg2 Ra8 35. Kg3 Ra3 36. Qe2 Ra2 37. Qe1 Bxh4+ 38. Kxh4 Qxf3 39. Qg3 Rh2+ 0-1

[Event "Open Nord 2014/2015"]
[Site "Meyreuil"]
[Date "2014.11.28"]
[Round "3.3"]
[White "Bouriel, Michel"]
[Black "Salvi, Michel"]
[Result "0-1"]
[WhiteElo "1404"]
[BlackElo "1628"]
[PlyCount "78"]

1. c4 c5 2. Nc3 Nc6 3. Nf3 Nf6 4. g3 g6 5. Bg2 Bg7 6. O-O O-O 7. d3 Rb8 8. a3
a6 9. Rb1 b5 10. cxb5 axb5 11. Bd2 d6 12. Qc1 Bg4 13. Re1 Bxf3 14. Bxf3 Nd4 15.
Bg2 Nb3 16. Qd1 Nxd2 17. Qxd2 Qa5 18. Red1 Qa7 19. Qe3 Ng4 20. Qd2 b4 21. Nd5
c4 22. e3 c3 23. bxc3 bxc3 24. Nxc3 Qxa3 25. Nd5 e6 26. Ne7+ Kh8 27. Nc6 Rb3
28. Rxb3 Qxb3 29. h3 Nf6 30. Nd4 Qb8 31. Nc6 Qb3 32. Nd4 Qb6 33. Rc1 Bh6 34.
Nc6 Nd7 35. Qc3+ Bg7 36. d4 Rc8 37. Qd2 Qc7 38. Ra1 d5 39. Ra7 Qxc6 0-1

[Event "Open Nord 2014/2015"]
[Site "Meyreuil"]
[Date "2014.11.28"]
[Round "3.4"]
[White "Mignemi, Denis"]
[Black "Scamaroni, Jean-Paul"]
[Result "1/2-1/2"]
[WhiteElo "1580"]
[BlackElo "1602"]
[PlyCount "61"]

1. d4 Nf6 2. c4 g6 3. Nc3 Bg7 4. e4 d6 5. f4 O-O 6. Nf3 c5 7. d5 e6 8. Be2 exd5
9. cxd5 Re8 10. Qc2 a6 11. a4 b6 12. O-O Bb7 13. Rb1 Nbd7 14. b3 Qc7 15. h3 Nh5
16. Bd3 Nhf6 17. Re1 Re7 18. Be3 Rae8 19. Bf2 Nh5 20. g3 Bc8 21. Kg2 Nf8 22.
Re2 Qd7 23. Rh1 Qc7 24. Rhe1 Bd7 25. Bxa6 f5 26. Bd3 Bxc3 27. Qxc3 fxe4 28.
Rxe4 Rxe4 29. Rxe4 Rxe4 30. Bxe4 Qc8 31. Ng1 1/2-1/2

[Event "Open Nord 2014/2015"]
[Site "Meyreuil"]
[Date "2014.11.28"]
[Round "3.5"]
[White "Brissonneau, Laurent"]
[Black "Perdiolat, Francis"]
[Result "0-1"]
[WhiteElo "1694"]
[BlackElo "1170"]
[PlyCount "60"]

1. e4 d6 2. d4 Nf6 3. Bd3 g6 4. f4 Bg7 5. Nf3 Bg4 6. O-O O-O 7. c3 Na6 8. Qe1
Bxf3 9. Rxf3 c5 10. Qh4 Qc8 11. Bd2 cxd4 12. e5 Qg4 13. Qf2 dxe5 14. fxe5 dxc3
15. Nxc3 Nd7 16. Rf4 Qe6 17. Bc4 Qxe5 18. Re1 Qd6 19. Nb5 Qb6 20. Be3 Qd8 21.
Rd1 Qe8 22. Re4 Nf6 23. Rh4 Rd8 24. Rxd8 Qxd8 25. Bxa7 Qd1+ 26. Bf1 Rd8 27. Rd4
Rxd4 28. Bxd4 Ng4 29. Qe2 Bxd4+ 30. Nxd4 Qxd4+ 0-1

[Event "Open Nord 2014/2015"]
[Site "Meyreuil"]
[Date "2014.11.28"]
[Round "3.6"]
[White "Corrias, Robert"]
[Black "Schoeni, Christine"]
[Result "1-0"]
[WhiteElo "1629"]
[BlackElo "1090"]
[PlyCount "77"]

1. Nf3 e6 2. e4 d6 3. Nc3 Nf6 4. d4 Be7 5. Bb5+ Bd7 6. Qd3 c6 7. Ba4 O-O 8. a3
a6 9. O-O b5 10. Bb3 Nh5 11. e5 d5 12. Ne2 f6 13. g4 fxe5 14. gxh5 h6 15. Nxe5
Be8 16. Ng6 Rf7 17. c3 Nd7 18. Bc2 Nf6 19. Ng3 Bd6 20. f4 c5 21. Ne5 c4 22. Qf3
Bxe5 23. dxe5 Nd7 24. Bg6 Re7 25. Be3 Bxg6 26. hxg6 Nf8 27. f5 exf5 28. Qxf5
Qe8 29. Bc5 Qd7 30. e6 Qxe6 31. Bxe7 Qe3+ 32. Kh1 Qxe7 33. Qf7+ Qxf7 34. gxf7+
Kh8 35. Rae1 g6 36. Re8 Ra7 37. Rxf8+ Kg7 38. Rg8+ Kh7 39. f8=Q 1-0

[Event "Open Nord 2014/2015"]
[Site "Meyreuil"]
[Date "2014.03.10"]
[Round "3.7"]
[White "Garcia, Robustiano"]
[Black "Amoros, Jean"]
[Result "1-0"]
[WhiteElo "1573"]
[BlackElo "1486"]
[PlyCount "55"]

1. d4 g6 2. c4 Bg7 3. e4 e5 4. d5 d6 5. Nc3 Nf6 6. Bd3 O-O 7. Nge2 Nbd7 8. b4
b6 9. f3 Bb7 10. Be3 a5 11. a3 Nh5 12. O-O f5 13. Qd2 f4 14. Bf2 g5 15. h3 Rf6
16. Rfb1 Qe7 17. Nb5 Nf8 18. Qc2 Ng6 19. c5 Ba6 20. cxd6 cxd6 21. Qc6 Bxb5 22.
Bxb5 Rb8 23. Bxb6 Rff8 24. Bxa5 Rfc8 25. Qd7 Rxb5 26. Qxc8+ Nf8 27. Rc1 Qa7+
28. Kf1 1-0

[Event "Open Nord 2014/2015"]
[Site "Meyreuil"]
[Date "2014.11.28"]
[Round "3.8"]
[White "Andonian, Pierre"]
[Black "Hidreau, Olivier"]
[Result "1-0"]
[WhiteElo "1470"]
[BlackElo "1549"]
[PlyCount "73"]

1. e4 e6 2. d4 d5 3. e5 c5 4. Nf3 Qb6 5. b3 Nc6 6. c3 f6 7. Be2 Bd7 8. O-O cxd4
9. exf6 Nxf6 10. Nxd4 e5 11. Nxc6 Bxc6 12. b4 Bd6 13. Bg5 O-O 14. a4 a6 15. Na3
d4 16. Nc4 Qc7 17. Bxf6 Rxf6 18. Nxd6 Rxd6 19. c4 Bd7 20. Qb3 Be6 21. Rac1 Qf7
22. Bf3 Rad8 23. Qd3 Bf5 24. Be4 g6 25. b5 a5 26. c5 Bxe4 27. Qxe4 Rd5 28. c6
bxc6 29. Rxc6 d3 30. Rd1 d2 31. Qc4 Kf8 32. b6 R8d7 33. Rc7 Qe8 34. Qc6 R5d6
35. Qc5 Ke7 36. Rxd2 Rxc7 37. Qxd6+ 1-0

[Event "Open Nord 2014/2015"]
[Site "Meyreuil"]
[Date "2014.11.28"]
[Round "3.9"]
[White "Lupinacci, Patrick"]
[Black "Salvi, Angele"]
[Result "1-0"]
[WhiteElo "1460"]
[BlackElo "1030"]
[PlyCount "69"]

1. Nf3 c5 2. c4 g6 3. d4 e6 4. Nc3 Nf6 5. e4 d5 6. cxd5 exd5 7. e5 Ne4 8. Nxe4
dxe4 9. Ng5 e3 10. Bxe3 Be7 11. Ne4 Qa5+ 12. Bd2 Qb6 13. Bc3 O-O 14. Be2 Qc7
15. d5 Bd8 16. O-O Bf5 17. Nd6 Bd7 18. Rc1 b6 19. Bd2 a6 20. Bh6 Be7 21. Bxf8
Bxf8 22. Nc4 b5 23. d6 Qa7 24. Ne3 Nc6 25. Bf3 Rc8 26. Bxc6 Rxc6 27. Nd5 Be6
28. Nf6+ Kh8 29. d7 Be7 30. d8=Q+ Bxd8 31. Qxd8+ Kg7 32. Qg8+ Kh6 33. Qxh7+ Kg5
34. f4+ Kf5 35. Qh3# 1-0

[Event "Open Nord 2014/2015"]
[Site "Meyreuil"]
[Date "2014.11.28"]
[Round "3.10"]
[White "De Mersseman, Eric"]
[Black "Person, Claude"]
[Result "1-0"]
[WhiteElo "1747"]
[BlackElo "1279"]
[PlyCount "91"]

1. c4 c5 2. Nc3 Nc6 3. Nf3 b6 4. g3 Bb7 5. Bg2 Qc7 6. O-O a6 7. Nd5 Qd8 8. Qb3
Na5 9. Qxb6 Qxb6 10. Nxb6 Rb8 11. Na4 d6 12. b3 Bc6 13. Nc3 Nf6 14. d3 h6 15.
Bd2 Nb7 16. e3 e6 17. d4 Bd7 18. Rfe1 Be7 19. Rad1 O-O 20. Bc1 Rfd8 21. Rd2 Ne8
22. Red1 Bf6 23. Ne4 Be7 24. dxc5 Bc6 25. cxd6 Nexd6 26. Nxd6 Nxd6 27. Ba3 Ne4
28. Bxe7 Rxd2 29. Rxd2 Nxd2 30. Nxd2 Bxg2 31. Kxg2 Rb7 32. Bd6 f5 33. c5 Rd7
34. Nc4 Rd8 35. c6 Kf7 36. c7 Re8 37. Nb6 Kf6 38. c8=Q Rxc8 39. Nxc8 e5 40. f4
e4 41. Be5+ Kf7 42. b4 g6 43. a4 Ke8 44. b5 axb5 45. axb5 Kd7 46. Na7 1-0

[Event "Open Nord 2014/2015"]
[Site "Meyreuil"]
[Date "2014.11.28"]
[Round "3.11"]
[White "Gourdeau, Marie-Christine"]
[Black "Jean, Nicolas"]
[Result "0-1"]
[WhiteElo "1462"]
[BlackElo "1870"]
[PlyCount "60"]

1. e4 e5 2. Nf3 Nc6 3. Bc4 Bc5 4. c3 Nf6 5. d4 exd4 6. cxd4 Bb4+ 7. Bd2 Bxd2+
8. Nbxd2 d5 9. exd5 Nxd5 10. Qb3 Nce7 11. O-O O-O 12. Rfe1 Rb8 13. Rac1 c6 14.
a4 Be6 15. Ne5 Nf5 16. Ndf3 Nd6 17. Bd3 Nf4 18. Bc4 Nxc4 19. Nxc4 b5 20. axb5
cxb5 21. Qe3 Nd5 22. Qd2 bxc4 23. Rxc4 Qb6 24. Rb1 Rfc8 25. Ne5 Rxc4 26. Nxc4
Qb3 27. Na5 Qa2 28. Qe1 Nc3 29. Ra1 Qxb2 30. Nc6 Qxa1 0-1

[Event "Open Nord 2014/2015"]
[Site "Meyreuil"]
[Date "2014.11.28"]
[Round "3.12"]
[White "Ribelles, Anthony"]
[Black "Gremaud, Isabelle"]
[Result "1-0"]
[WhiteElo "1420"]
[BlackElo "1399"]
[PlyCount "111"]

1. e4 e5 2. Nf3 Nc6 3. d4 exd4 4. Nxd4 Qf6 5. Nxc6 Qxc6 6. Bd3 Bc5 7. Qe2 a6 8.
Be3 d6 9. Nd2 h6 10. Bxc5 Qxc5 11. Nb3 Qe5 12. O-O-O Nf6 13. h3 O-O 14. Rhf1
Be6 15. f4 Qh5 16. Qe1 Bxb3 17. cxb3 Rfe8 18. Kb1 Qc5 19. Rc1 Qd4 20. Rf3 Nxe4
21. Rxc7 Nc5 22. Qg3 Nxd3 23. Rxd3 Qb4 24. Re3 Qb6 25. Rce7 Rxe7 26. Rxe7 Kf8
27. Qe1 Qc6 28. Qe4 Qxe4+ 29. Rxe4 Rd8 30. Kc2 d5 31. Re5 d4 32. Kd3 f6 33. Re4
Rd5 34. Rxd4 Ra5 35. Rd8+ Ke7 36. Rb8 b5 37. a3 Kf7 38. Kd4 Kg6 39. b4 Ra4 40.
Rb7 a5 41. Ra7 f5 42. Rxa5 Rxa5 43. bxa5 Kh5 44. a6 Kh4 45. a7 Kg3 46. Ke3 Kxg2
47. a8=Q+ Kxh3 48. Qf3+ Kh4 49. Kd4 g6 50. Kc5 g5 51. fxg5 Kxg5 52. Kxb5 h5 53.
a4 f4 54. a5 h4 55. a6 Kf5 56. a7 1-0

[Event "Open Nord 2014/2015"]
[Site "Meyreuil"]
[Date "2014.11.28"]
[Round "3.13"]
[White "Cortes, Maria"]
[Black "Pietrac, Christian"]
[Result "*"]
[WhiteElo "1130"]
[BlackElo "1216"]
[PlyCount "190"]

1. d3 Nf6 2. Bd2 g6 3. Nc3 Bg7 4. e3 O-O 5. Be2 d6 6. Nf3 Re8 7. d4 e5 8. d5 c6
9. Bc4 b5 10. Bb3 b4 11. Na4 c5 12. O-O Ba6 13. Re1 Ne4 14. c3 Nxd2 15. Nxd2
bxc3 16. Nxc3 Nd7 17. Bc4 Bb7 18. e4 Bc8 19. Nb5 Nf6 20. Nf3 h6 21. Qa4 a6 22.
Nc3 Qb6 23. a3 Bd7 24. Qc2 Reb8 25. Na4 Qa5 26. Nc3 h5 27. b4 Qc7 28. Ng5 Bh6
29. Nf3 Bf4 30. Nh4 Ng4 31. g3 Bg5 32. Nf3 Bh6 33. Qe2 Nf6 34. Nh4 Bg5 35. f3
Bh3 36. f4 Ng4 37. f5 Be3+ 38. Qxe3 Nxe3 39. Rxe3 Qe7 40. Rf3 Qg5 41. Re1 cxb4
42. axb4 Rxb4 43. Bf1 Bxf1 44. Rfxf1 Qd2 45. Nd1 Rb1 46. Nf3 Qb4 47. fxg6 fxg6
48. Re3 Rc8 49. Kg2 Rc2+ 50. Kh3 Qb7 51. Ng5 Qd7+ 52. Ne6 Kh7 53. Ref3 Qb5 54.
Rf7+ Kh6 55. R7f3 Qe2 56. R3f2 Qg4+ 57. Kg2 Rxf2+ 58. Nxf2 Rb2 59. h3 Qe2 60.
Kg1 Qe3 61. Kg2 Qxe4+ 62. Kh2 Qxd5 63. Nc7 Qc6 64. Ne6 e4 65. h4 e3 66. Nd8 Qd5
67. Kh3 exf2 68. Kh2 g5 69. hxg5+ Qxg5 70. Nf7+ Kg6 71. Nxg5 Kxg5 72. Kh3 d5
73. Rd1 Rb5 74. Kg2 h4 75. Kxf2 hxg3+ 76. Kxg3 Kf5 77. Rf1+ Ke4 78. Re1+ Kd3
79. Kf3 d4 80. Rd1+ Kc4 81. Rc1+ Kd5 82. Kf4 a5 83. Re1 a4 84. Re5+ Kc4 85. Re1
Rb4 86. Rc1+ Kd5 87. Kf5 a3 88. Ra1 Rb3 89. Kf4 d3 90. Ke3 Kc4 91. Rc1+ Kb4 92.
Ra1 Kc3 93. Rc1+ Kb2 94. Kd2 a2 95. Rc2+ dxc2 *

[Event "Open Nord 2014/2015"]
[Site "Meyreuil"]
[Date "2014.12.19"]
[Round "4.1"]
[White "Montanelli, Tristan"]
[Black "Mamah, Isabelle"]
[Result "1/2-1/2"]
[WhiteElo "1733"]
[BlackElo "1802"]
[PlyCount "122"]

1. e4 c5 2. Nf3 g6 3. Bc4 Bg7 4. Nc3 e6 5. d4 cxd4 6. Nxd4 a6 7. Be3 Ne7 8. Qd2
O-O 9. Bh6 b5 10. Bxg7 Kxg7 11. Bd3 Nbc6 12. Nce2 Bb7 13. O-O Qb6 14. Nf3 d5
15. c3 Rad8 16. e5 Nf5 17. Bxf5 exf5 18. Ned4 Rfe8 19. Rfe1 Bc8 20. Nxc6 Qxc6
21. Nd4 Qc7 22. Qg5 Qb6 23. h4 h6 24. Qd2 f6 25. exf6+ Qxf6 26. g3 Re4 27. f3
Ree8 28. Qf4 g5 29. hxg5 hxg5 30. Qc7+ Rd7 31. Qc6 Rde7 32. Qxf6+ Kxf6 33. Kf2
g4 34. Rxe7 Rxe7 35. Re1 Rxe1 36. Kxe1 gxf3 37. Kf2 Kg5 38. Nxf3+ Kg4 39. Nh2+
Kg5 40. Nf3+ Kg4 41. Ne5+ Kg5 42. Ke3 Be6 43. Kd4 Bg8 44. a3 f4 45. gxf4+ Kxf4
46. Ng6+ Kf3 47. Ne7 Be6 48. b3 Ke2 49. Nxd5 Kd2 50. c4 bxc4 51. bxc4 Kc2 52.
a4 Kb3 53. Nb6 Kb4 54. c5 Ka5 55. Ke5 Bh3 56. Kd6 Bg2 57. Kc7 Bf3 58. c6 Bg2
59. Kd7 Bh3+ 60. Kc7 Bg2 61. Kb7 Bf3 1/2-1/2

[Event "Open Nord 2014/2015"]
[Site "Meyreuil"]
[Date "2014.12.19"]
[Round "4.2"]
[White "Salvi, Michel"]
[Black "Corrias, Robert"]
[Result "1-0"]
[WhiteElo "1628"]
[BlackElo "1629"]
[PlyCount "113"]

1. e4 Nc6 2. d4 d5 3. e5 Bf5 4. Bb5 e6 5. c4 a6 6. Ba4 dxc4 7. Bxc6+ bxc6 8.
Nf3 Bb4+ 9. Nc3 Bd3 10. a3 Bxc3+ 11. bxc3 Qd5 12. Bg5 h6 13. Be3 Ne7 14. Rg1
Rb8 15. g4 Rb2 16. Nd2 O-O 17. g5 hxg5 18. Bxg5 Qd7 19. h4 Nd5 20. Bf6 g6 21.
Qh5 Nxf6 22. exf6 Qd8 23. Qe5 Rb5 24. Qg3 Qxf6 25. Nf3 Qf5 26. Ne5 Qe4+ 27. Qe3
Qxe3+ 28. fxe3 Rfb8 29. Nxd3 cxd3 30. Kd2 Kg7 31. Kxd3 Rh8 32. Rg4 Rb2 33. Kc4
Rh5 34. e4 Rh2 35. e5 R2xh4 36. Rxh4 Rxh4 37. Kc5 Rh3 38. c4 Rd3 39. Kxc6 Rxd4
40. c5 Rd5 41. Rc1 Rxe5 42. Kxc7 Kf6 43. Kb7 a5 44. c6 Rb5+ 45. Ka7 Rd5 46. c7
Rd7 47. Kb6 Rxc7 48. Rxc7 g5 49. Kc5 g4 50. Kd4 Kg6 51. Ke4 f5+ 52. Kf4 Kf6 53.
Rc6 a4 54. Rb6 Ke7 55. Ke5 g3 56. Rxe6+ Kd7 57. Kxf5 1-0

[Event "Open Nord 2014/2015"]
[Site "Meyreuil"]
[Date "2014.12.19"]
[Round "4.3"]
[White "Perdiolat, Francis"]
[Black "Mignemi, Denis"]
[Result "0-1"]
[WhiteElo "1170"]
[BlackElo "1580"]
[PlyCount "54"]

1. e4 d5 2. exd5 Qxd5 3. Nc3 Qa5 4. d4 c6 5. Bc4 Nf6 6. Nf3 Bg4 7. h3 Bxf3 8.
Qxf3 e6 9. Bd2 Qc7 10. O-O-O Nbd7 11. Rhe1 O-O-O 12. Ne4 Nxe4 13. Rxe4 Nf6 14.
Rh4 Be7 15. Bg5 h6 16. Bxf6 Bxf6 17. Re4 Rd7 18. c3 Rhd8 19. Bb3 Kb8 20. g3 c5
21. dxc5 Rxd1+ 22. Bxd1 Bg5+ 23. Kb1 Qxc5 24. Bb3 Bf6 25. Rc4 Qd6 26. Rb4 Qd3+
27. Bc2 Qxf3 0-1

[Event "Open Nord 2014/2015"]
[Site "Meyreuil"]
[Date "2014.12.19"]
[Round "4.4"]
[White "Schiano-Lomoriello, Didier"]
[Black "Andonian, Pierre"]
[Result "1-0"]
[WhiteElo "1580"]
[BlackElo "1470"]
[PlyCount "125"]

1. e4 e5 2. Nf3 Nc6 3. Bb5 Nge7 4. O-O d6 5. h3 a6 6. Ba4 Bd7 7. c3 Ng6 8. d4
Be7 9. Re1 O-O 10. Nbd2 exd4 11. cxd4 Qc8 12. Nf1 Re8 13. Ng3 Nd8 14. Bxd7 Qxd7
15. Qb3 c6 16. Bd2 Ne6 17. Rad1 b5 18. Bc3 h6 19. d5 Nc5 20. dxc6 Qxc6 21. Qd5
Qc7 22. Nf5 Bf8 23. Nxd6 Bxd6 24. Qxd6 Qxd6 25. Rxd6 Nxe4 26. Rd3 Re6 27. Nd4
Nxc3 28. Nxe6 fxe6 29. Rxc3 Kf7 30. Rc6 e5 31. Rec1 Nf4 32. Kh2 h5 33. Re1 Nd3
34. Re2 g5 35. Rd6 e4 36. Rxe4 Nxf2 37. Ree6 Kg7 38. Rg6+ Kh7 39. Rh6+ Kg7 40.
Rdg6+ Kf7 41. Rxg5 Nd3 42. Rhxh5 Nxb2 43. Rc5 Nc4 44. a4 Rb8 45. axb5 axb5 46.
Rxb5 Rd8 47. Rhc5 Ne3 48. Rb7+ Kg6 49. Rb6+ Kf7 50. Rc7+ Kg8 51. Rbc6 Rf8 52.
h4 Ng4+ 53. Kg3 Ne5 54. Rc5 Nd3 55. Rc3 Ne5 56. Re3 Nf7 57. Ree7 Kg7 58. Kh3
Kg6 59. h5+ Kf6 60. Kh4 Nh6 61. g4 Rg8 62. Re4 Nf7 63. Rf4+ 1-0

[Event "Open Nord 2014/2015"]
[Site "Meyreuil"]
[Date "2014.12.19"]
[Round "4.5"]
[White "Lupinacci, Patrick"]
[Black "Garcia, Robustiano"]
[Result "1/2-1/2"]
[WhiteElo "1460"]
[BlackElo "1573"]
[PlyCount "177"]

1. Nf3 Nf6 2. c4 g6 3. d4 Bg7 4. Nc3 O-O 5. e4 d6 6. Be2 Nc6 7. d5 Nb8 8. O-O
c6 9. Bf4 cxd5 10. cxd5 Nbd7 11. Rc1 a6 12. a4 Nh5 13. Be3 Nhf6 14. b4 Ng4 15.
Bd2 Nge5 16. Bf4 Nxf3+ 17. Bxf3 Ne5 18. Be2 Qb6 19. Na2 Qd8 20. Be3 f5 21. f4
Ng4 22. Bxg4 fxg4 23. Qd3 Bd7 24. Nc3 Bxc3 25. Qxc3 Bxa4 26. Qc7 Rb8 27. f5 Bb5
28. Qxd8 Rbxd8 29. Rf4 gxf5 30. exf5 h5 31. Bb6 Rc8 32. Bc7 Rf7 33. Rf2 Bd3 34.
Rc3 Bxf5 35. b5 Be4 36. Rxf7 Kxf7 37. b6 Bxd5 38. Kf2 e5 39. h3 Be6 40. hxg4
hxg4 41. g3 d5 42. Rd3 e4 43. Rd4 Kg6 44. Ke3 Rf8 45. Bf4 Rh8 46. Rd2 Rh1 47.
Rc2 Bd7 48. Be5 Bc6 49. Kf4 Kh5 50. Ke3 Rb1 51. Bd4 Rb3+ 52. Rc3 Rxc3+ 53. Bxc3
Kg5 54. Be5 Kf5 55. Bc3 Ba4 56. Kd4 Ke6 57. Ke3 Kd6 58. Bd4 a5 59. Kf4 Bd7 60.
Ke3 a4 61. Kd2 Kc6 62. Kc3 Kb5 63. Be3 a3 64. Kb3 a2 65. Bd4 a1=Q 66. Bxa1 Kxb6
67. Kb4 Kc6 68. Bd4 Kd6 69. Ka5 Ke6 70. Kb6 Bc6 71. Kc5 Ba4 72. Kb6 Bc6 73. Kc5
e3 74. Bxe3 Ke5 75. Bf4+ Ke4 76. Bd2 Kf3 77. Bf4 Ke4 78. Bd2 Kd3 79. Bf4 Ke4
80. Bd2 Ba4 81. Kb6 Kf3 82. Bf4 d4 83. Kxb7 d3 84. Kb6 d2 85. Bxd2 Kxg3 86. Bb4
Kf2 87. Kc5 g3 88. Kc4 g2 89. Kd3 1/2-1/2

[Event "Open Nord 2014/2015"]
[Site "Meyreuil"]
[Date "2014.12.19"]
[Round "4.6"]
[White "Graells, Christian"]
[Black "Bouriel, Michel"]
[Result "1-0"]
[WhiteElo "1482"]
[BlackElo "1404"]
[PlyCount "71"]

1. e4 c5 2. Nf3 d6 3. d4 cxd4 4. Nxd4 Nf6 5. Nc3 g6 6. Bg5 Bg7 7. Bc4 O-O 8.
O-O a6 9. a4 Nbd7 10. Rb1 Nc5 11. f3 Qc7 12. Qe2 Bd7 13. Rfd1 Nxa4 14. Nd5 Nxd5
15. exd5 Rac8 16. Bb3 Qb6 17. Be3 Nc5 18. Ba2 Qc7 19. b3 e5 20. dxe6 Nxe6 21.
c4 Rfe8 22. Qb2 Qb6 23. b4 Ba4 24. Rd3 d5 25. c5 Qd8 26. Qf2 Bxd4 27. Bxd4 Nxd4
28. Rxd4 Bc6 29. f4 Qf6 30. Rbd1 Bb5 31. Bxd5 Re2 32. Qg3 Rd8 33. Bxf7+ Kxf7
34. Rxd8 Bc6 35. Qb3+ Kg7 36. Rg8+ 1-0

[Event "Open Nord 2014/2015"]
[Site "Meyreuil"]
[Date "2014.12.19"]
[Round "4.7"]
[White "Scamaroni, Jean-Paul"]
[Black "De Mersseman, Eric"]
[Result "1-0"]
[WhiteElo "1602"]
[BlackElo "1747"]
[PlyCount "65"]

1. d4 Nf6 2. c4 e6 3. Nc3 d5 4. Bg5 Nbd7 5. e3 c6 6. Nf3 Qa5 7. Nd2 Bb4 8. Qc2
O-O 9. Nb3 Qc7 10. Bf4 e5 11. dxe5 Nxe5 12. a3 Bxc3+ 13. Qxc3 Re8 14. Be2 Qe7
15. O-O Ng6 16. Bg5 Ne4 17. Bxe7 Nxc3 18. bxc3 dxc4 19. Bxc4 Rxe7 20. Nd4 Ne5
21. Bb3 c5 22. Ne2 Bf5 23. Nf4 c4 24. Ba2 Rd7 25. Rad1 Rad8 26. Rd4 b5 27. Rfd1
Rxd4 28. Rxd4 Rxd4 29. exd4 Nd3 30. Nxd3 Bxd3 31. f4 Kf8 32. Kf2 Be4 33. g4 1-0

[Event "Open Nord 2014/2015"]
[Site "Meyreuil"]
[Date "2014.12.19"]
[Round "4.8"]
[White "Jean, Nicolas"]
[Black "Ribelles, Anthony"]
[Result "1-0"]
[WhiteElo "1870"]
[BlackElo "1420"]
[PlyCount "65"]

1. Nf3 d5 2. g3 Nf6 3. Bg2 b6 4. O-O Bb7 5. d4 e6 6. Ne5 h6 7. c4 c6 8. Nc3
Nbd7 9. cxd5 exd5 10. Nxd7 Qxd7 11. Re1 Be7 12. Bf4 O-O 13. Be5 Ne8 14. e4 Rd8
15. exd5 cxd5 16. Qe2 Bd6 17. Rac1 Bxe5 18. Qxe5 Nf6 19. Qf4 Rfe8 20. Re5 Rxe5
21. dxe5 Nh5 22. Qd4 g6 23. Rd1 Ng7 24. Nxd5 Bxd5 25. Qxd5 Qxd5 26. Rxd5 Rc8
27. Be4 Rc7 28. Rd8+ Kh7 29. Bd5 Re7 30. f4 Nf5 31. Kf2 Rc7 32. Be4 Rc2+ 33.
Bxc2 1-0

[Event "Open Nord 2014/2015"]
[Site "Meyreuil"]
[Date "2014.12.19"]
[Round "4.9"]
[White "Schoeni, Christine"]
[Black "Brissonneau, Laurent"]
[Result "0-1"]
[WhiteElo "1090"]
[BlackElo "1694"]
[PlyCount "131"]

1. d4 d5 2. Nc3 c6 3. Nf3 Nf6 4. e3 Bg4 5. Be2 e6 6. O-O Bd6 7. Ne5 Bxe2 8.
Nxe2 O-O 9. c3 c5 10. b3 Qc7 11. f4 Nbd7 12. Nxd7 Qxd7 13. Bb2 Rac8 14. c4 Ne4
15. a3 Qe7 16. a4 Rfd8 17. a5 Bb8 18. Qe1 Nd6 19. Nc3 dxc4 20. bxc4 Nxc4 21.
Bc1 cxd4 22. exd4 Rxd4 23. Nb5 Rd5 24. Rb1 Rcd8 25. Nc3 Rd3 26. Qe2 Qc5+ 27.
Kh1 Nxa5 28. Ne4 Qf5 29. g3 b6 30. Nf2 Rb3 31. Ra1 Nc6 32. Be3 Rb5 33. Rad1
Rbd5 34. g4 Qf6 35. g5 Qf5 36. Rxd5 Qxd5+ 37. Kg1 Nd4 38. Bxd4 Bxf4 39. Nh3
Qxd4+ 40. Nf2 Bxg5 41. Rd1 Qc5 42. Rxd8+ Bxd8 43. Qd2 Qe7 44. Ne4 h6 45. Kf2 a5
46. Qd3 a4 47. Ke3 a3 48. Qb3 Bc7 49. h3 Be5 50. Kd3 Qd7+ 51. Ke2 Qd4 52. Qc2
Qb2 53. Kd2 Qxc2+ 54. Kxc2 f5 55. Nd2 f4 56. Kb3 Bd6 57. Nc4 Bc5 58. Ne5 g5 59.
Nd7 Kg7 60. Ne5 Kf6 61. Nd7+ Kf5 62. Nxc5 bxc5 63. Kxa3 f3 64. Kb3 f2 65. Kc4
f1=Q+ 66. Kxc5 0-1

[Event "Open Nord 2014/2015"]
[Site "Meyreuil"]
[Date "2014.12.19"]
[Round "4.10"]
[White "Hidreau, Olivier"]
[Black "Pietrac, Christian"]
[Result "1-0"]
[WhiteElo "1549"]
[BlackElo "1216"]
[PlyCount "107"]

1. e4 d6 2. f4 Nf6 3. d3 g6 4. Nf3 Bg7 5. Be2 O-O 6. O-O Nbd7 7. c3 b6 8. Na3
e5 9. fxe5 dxe5 10. Nc4 Ne8 11. Ng5 Nc5 12. Be3 Qe7 13. Nf3 f6 14. b4 Ne6 15.
a3 Nf4 16. Ra2 Be6 17. d4 Rd8 18. Bxf4 exf4 19. Rd2 Nd6 20. Nxd6 cxd6 21. d5
Bc8 22. Nd4 Qxe4 23. Bf3 Qe3+ 24. Kh1 Rde8 25. Rd3 Qe7 26. Nc6 Qc7 27. b5 Bf5
28. Rd4 Bh6 29. Ra4 Ra8 30. Re1 Rf7 31. Be4 Qd7 32. Bf3 Bf8 33. g4 Be4 34.
Raxe4 f5 35. gxf5 Qxf5 36. Bg4 Qf6 37. Be6 Qxc3 38. Bxf7+ Kxf7 39. Rxf4+ Kg7
40. Qd4+ Qxd4 41. Nxd4 Kh8 42. Ref1 Bg7 43. Ne6 Bh6 44. Rf7 Kg8 45. Rd7 Bf8 46.
Rd8 Rxd8 47. Nxd8 Be7 48. Nc6 Bf8 49. Nxa7 Kg7 50. Nc8 Kh6 51. Nxb6 Bg7 52. Nc4
Bd4 53. Nxd6 g5 54. Nf5+ 1-0

[Event "Open Nord 2014/2015"]
[Site "Meyreuil"]
[Date "2014.12.19"]
[Round "4.11"]
[White "Amoros, Jean"]
[Black "Salvi, Angele"]
[Result "1-0"]
[WhiteElo "1486"]
[BlackElo "1030"]
[PlyCount "37"]

1. e4 c5 2. d4 cxd4 3. c3 dxc3 4. Nxc3 Nf6 5. e5 Nd5 6. Qxd5 e6 7. Qf3 Nc6 8.
Bf4 Nd4 9. Qd1 Bc5 10. a3 a6 11. Be3 Qb6 12. b4 Nc2+ 13. Qxc2 Bxe3 14. fxe3
Qxe3+ 15. Nge2 Qxe5 16. Qe4 Qg5 17. Ng3 O-O 18. Bd3 d5 19. Qxh7# 1-0

[Event "Open Nord 2014/2015"]
[Site "Meyreuil"]
[Date "2014.12.19"]
[Round "4.12"]
[White "Person, Claude"]
[Black "Cortes, Maria"]
[Result "1-0"]
[WhiteElo "1279"]
[BlackElo "1130"]
[PlyCount "29"]

1. e4 e5 2. Nf3 b6 3. Bc4 Be7 4. Nxe5 Nf6 5. Nxf7 d5 6. Nxd8 Bxd8 7. exd5 Bg4
8. f3 Bf5 9. Bb5+ Bd7 10. Qe2+ Be7 11. Bc4 a5 12. O-O c6 13. d6 Nd5 14. Bxd5
cxd5 15. Qxe7# 1-0

[Event "Open Nord 2014/2015"]
[Site "Meyreuil"]
[Date "2014.12.19"]
[Round "4.13"]
[White "Gremaud, Isabelle"]
[Black "Gourdeau, Marie-Christine"]
[Result "0-1"]
[WhiteElo "1399"]
[BlackElo "1462"]
[PlyCount "54"]

1. e4 c6 2. Nc3 d5 3. exd5 cxd5 4. Nf3 Nf6 5. d4 a6 6. h3 e6 7. a3 Be7 8. Bf4
Nc6 9. Be2 Bd6 10. Bxd6 Qxd6 11. O-O O-O 12. Re1 Re8 13. Na4 Qc7 14. c4 Bd7 15.
cxd5 exd5 16. Nc5 Rad8 17. Qb3 Bc8 18. Qc2 h6 19. Nh4 Nxd4 20. Qd3 Nxe2+ 21.
Rxe2 Rxe2 22. Qxe2 Qxc5 23. Qd2 Ne4 24. Qe1 Be6 25. Rc1 Qe7 26. Nf3 Ng5 27. Kh2
Nxf3+ 0-1

[Event "Open Nord 2014/2015"]
[Site "Meyreuil"]
[Date "2015.01.16"]
[Round "5.1"]
[White "Mamah, Isabelle"]
[Black "Salvi, Michel"]
[Result "0-1"]
[WhiteElo "1827"]
[BlackElo "1622"]
[PlyCount "61"]

1. c4 Nf6 2. Nc3 g6 3. g3 Bg7 4. Bg2 O-O 5. e3 e6 6. Nge2 d5 7. cxd5 exd5 8. d4
c6 9. O-O Bf5 10. Qb3 Qc8 11. Bd2 Nbd7 12. Nf4 Nb6 13. Rac1 Qd7 14. a4 Nc4 15.
Rfd1 Rfe8 16. Qa2 h5 17. b3 Nd6 18. a5 g5 19. Nfe2 h4 20. Na4 Nde4 21. b4 hxg3
22. hxg3 Bh3 23. Nc5 Qf5 24. Be1 Bxg2 25. Kxg2 Ng4 26. Ng1 Qh7 27. Qe2 Qh2+ 28.
Kf1 Nxg3+ 29. fxg3 Nxe3+ 30. Qxe3 Rxe3 31. Rd2 0-1

[Event "Open Nord 2014/2015"]
[Site "Meyreuil"]
[Date "2015.01.16"]
[Round "5.2"]
[White "Mignemi, Denis"]
[Black "Montanelli, Tristan"]
[Result "0-1"]
[WhiteElo "1580"]
[BlackElo "1730"]
[PlyCount "86"]

1. d4 g6 2. c4 Bg7 3. Nc3 c5 4. e3 b6 5. Nf3 cxd4 6. exd4 Nf6 7. Be2 Ba6 8. Rb1
O-O 9. O-O d5 10. cxd5 Bxe2 11. Qxe2 Nxd5 12. Nxd5 Qxd5 13. Qxe7 Nc6 14. Qa3
Nxd4 15. Nxd4 Bxd4 16. Bh6 Rfd8 17. Rbd1 Qe5 18. b3 Qf6 19. Bc1 Bxf2+ 20. Kh1
Rxd1 21. Rxd1 Qe6 22. Qa6 Re8 23. Qf1 Qe2 24. Qxe2 Rxe2 25. a4 Re1+ 26. Rxe1
Bxe1 27. Kg1 Bb4 28. Kf2 Kf8 29. Kf3 Ke7 30. g4 Ke6 31. Ke4 Bd6 32. h3 f5+ 33.
gxf5+ gxf5+ 34. Kf3 Kd5 35. Bb2 a6 36. Ke3 Bh2 37. Bc3 b5 38. axb5 axb5 39. Kf3
Be5 40. Bd2 Kd4 41. Bc1 Kd3 42. Ba3 Kc3 43. b4 Kb3 0-1